000 00406ntaaa2200169 4500
003 01
005 20251027202337.0
008 0714s1973 ag 01
040 _aAR-BaBN
_bspa
_cAR-BaBN
_eaacr
_dRIC
082 _a296.0900 M33
100 _aMaritain, Jacques
_94650
245 _aLos judíos entre las naciones
250 _a1 ed.
260 _aBuenos Aires :
_bSur,
_cc1938
300 _a65 p
942 _cBK
999 _c18279
_d18279